| 000 | 00555nam a22001937a 4500 | ||
|---|---|---|---|
| 003 | PILC | ||
| 005 | 20160204101453.0 | ||
| 008 | 121115t xxu||||| |||| 00| 0 eng d | ||
| 020 | _a1904910610 | ||
| 050 |
_aPR 3724 _b.Sw977 2004 |
||
| 082 |
_aFIC _bSw5g 2004 |
||
| 100 |
_aSwift, Jonathan _93633 |
||
| 245 |
_aGulliver's travels _cJonathan Swift, Abridged By: Rabinder Mahajan |
||
| 260 |
_aNew Delhi ; _bSai Early Learners Pvt,. Ltd., _c2004. |
||
| 300 |
_a224 p. : _bill. ; _c13 cm. |
||
| 650 |
_aFiction. _9746 |
||
| 942 |
_2lcc _cBK |
||
| 999 |
_c11058 _d11058 |
||